000 00582nam a2200205Ia 4500
005 20250326141810.0
008 250326s9999 xx 000 0 und d
020 _a0-13-425703-0
037 _aTextbook
040 _aFMSL
_beng
_cFMSL
041 _aeng
_2eng
084 _aX9B M8
_qFMSL
100 _aBaumback Clifford M
245 0 _aHow to organize and operate a small business
_cBaumback Clifford M
250 _a8
260 _aUnited Kingdom
_bUnited Kingdom, Prentice-Hall
_c1988
300 _axiii,578
942 _cTB
_hX9B M8
999 _c1292024
_d1292024